| Tag |
First Indicator |
Second Indicator |
Subfields |
| LEADER |
00000cam a22000001a 4500 |
| 001 |
in00003216021 |
| 006 |
m d f |
| 007 |
cr bn mmmapmmp |
| 008 |
091020s1988 dcu o f000 0 eng d |
| 005 |
20260504165910.8 |
| 035 |
|
|
|a cis2007453095
|
| 040 |
|
|
|a UMI
|c UMI
|d UtOrBLW
|
| 043 |
|
|
|a n-us---
|
| 074 |
|
|
|a 1013-A, 1013-B (microfiche)
|
| 086 |
0 |
|
|a Y 4.B 22/1:100-58
|
| 088 |
|
|
|a Serial no. 100-58 (United States. Congress. House. Committee on Banking, Finance, and Urban Affairs)
|
| 099 |
|
|
|a HRG-1988-BFU-0014
|
| 110 |
1 |
|
|a United States.
|b Congress.
|b House.
|b Committee on Banking, Finance, and Urban Affairs.
|b Subcommittee on General Oversight and Investigations.
|
| 245 |
1 |
0 |
|a Risk-based capital requirements for banks and bank holding companies :
|b hearing before the Subcommittee on General Oversight and Investigations of the Committee on Banking, Finance, and Urban Affairs, House of Representatives, One-hundredth Congress, second session, April 21, 1988.
|
| 264 |
|
1 |
|a Washington :
|b U.S. G.P.O.,
|c 1988.
|
| 300 |
|
|
|a 1 online resource.
|
| 336 |
|
|
|a text
|b txt
|2 rdacontent
|
| 337 |
|
|
|a computer
|b c
|2 rdamedia
|
| 338 |
|
|
|a online resource
|b cr
|2 rdacarrier
|
| 500 |
|
|
|a Record is based on bibliographic data in ProQuest Congressional Hearings Digital Collection. Reuse except for individual research requires license from ProQuest, LLC.
|
| 538 |
|
|
|a System requirements: PDF reader software.
|
| 500 |
|
|
|a Electronic resource.
|
| 650 |
|
0 |
|a Bank capital
|z United States.
|
| 650 |
|
0 |
|a Bank holding companies
|z United States.
|
| 650 |
|
0 |
|a Banks and banking, International.
|
| 655 |
|
7 |
|a Electronic books.
|2 local
|
| 710 |
2 |
|
|a ProQuest (Firm)
|
| 776 |
0 |
8 |
|i Print version:
|a United States. Congress. House. Committee on Banking, Finance, and Urban Affairs. Subcommittee on General Oversight and Investigations
|t Risk-based capital requirements for banks and bank holding companies
|w (OCoLC)18138328
|w gp 88015601
|
| 776 |
0 |
8 |
|i Microfiche version:
|a United States. Congress. House. Committee on Banking, Finance, and Urban Affairs. Subcommittee on General Oversight and Investigations
|t Risk-based capital requirements for banks and bank holding companies.
|d [Bethesda, Md.] : ProQuest,[2004]
|o CIS 88 H241-30
|w (ProQuest)cis08800272
|
| 830 |
|
0 |
|a U.S. Congressional Hearings.
|
| 856 |
4 |
0 |
|u http://proxy.library.tamu.edu/login?url=https://congressional.proquest.com/congcomp/getdoc?HEARING-ID=HRG-1988-BFU-0014
|z Connect to the full text of this electronic book
|t 0
|
| 998 |
|
|
|a cis08800272
|
| 999 |
|
|
|a MARS
|
| 999 |
f |
f |
|s 4089100a-3fe6-3690-9647-6edaf7770367
|i 3417f445-8fb8-3146-8fb0-397c49571cab
|t 0
|
| 952 |
f |
f |
|a Texas A&M University
|b College Station
|c Electronic Resources
|s www_evans
|d Available Online
|t 0
|e HRG-1988-BFU-0014
|h Other scheme
|
| 998 |
f |
f |
|a HRG-1988-BFU-0014
|t 0
|l Available Online
|